| LEADER | 01867nam a2200265 4500 | ||
|---|---|---|---|
| 082 | |a 620.1 |b Đ406X | ||
| 100 | |a Đoàn Xuân Huệ | ||
| 245 | |a Cơ học ứng dụng / |c Đoàn Xuân Huệ | ||
| 250 | |a 2003 | ||
| 260 | |a H: | ||
| 300 | |a 261 tr |c 21 cm | ||
| 520 | |a v...v | ||
| 653 | |a Kỹ thuật | ||
| 942 | |2 ddc |c STK0 | ||
| 999 | |c 4736 |d 4736 | ||
| 952 | |0 0 |1 0 |2 ddc |4 0 |6 620_100000000000000_Đ406X |7 0 |8 600 |9 44777 |a qbu |b qbu |c D3 |d 2014-12-20 |o 620.1 Đ406X |p 2813.c1 |r 0000-00-00 |w 2014-12-20 |y STK0 | ||
| 952 | |0 0 |1 0 |2 ddc |4 0 |6 620_100000000000000_Đ406X |7 0 |8 600 |9 44778 |a qbu |b qbu |c D3 |d 2014-12-20 |o 620.1 Đ406X |p 2813.c2 |r 0000-00-00 |w 2014-12-20 |y STK0 | ||
| 952 | |0 0 |1 0 |2 ddc |4 0 |6 620_100000000000000_Đ406X |7 0 |8 600 |9 44779 |a qbu |b qbu |c D3 |d 2014-12-20 |l 1 |o 620.1 Đ406X |p 2813.c3 |r 2015-03-31 |s 2015-03-27 |w 2014-12-20 |y STK0 | ||
| 952 | |0 0 |1 0 |2 ddc |4 0 |6 620_100000000000000_Đ406X |7 0 |8 600 |9 44780 |a qbu |b qbu |c D3 |d 2014-12-20 |o 620.1 Đ406X |p 2813.c4 |r 0000-00-00 |w 2014-12-20 |y STK0 | ||
| 952 | |0 0 |1 0 |2 ddc |4 0 |6 620_100000000000000_Đ406X |7 0 |8 600 |9 44781 |a qbu |b qbu |c D3 |d 2014-12-20 |o 620.1 Đ406X |p 2813.c5 |r 0000-00-00 |w 2014-12-20 |y STK0 | ||
| 952 | |0 0 |1 0 |2 ddc |4 0 |6 620_100000000000000_Đ406X |7 0 |8 600 |9 44782 |a qbu |b qbu |c D3 |d 2014-12-20 |o 620.1 Đ406X |p 2813.c6 |r 0000-00-00 |w 2014-12-20 |y STK0 | ||
| 952 | |0 0 |1 0 |2 ddc |4 0 |6 620_100000000000000_Đ406X |7 0 |8 600 |9 44783 |a qbu |b qbu |c D3 |d 2014-12-20 |l 1 |o 620.1 Đ406X |p 2813.c7 |r 2015-10-05 |s 2015-09-28 |w 2014-12-20 |y STK0 | ||
| 952 | |0 0 |1 0 |2 ddc |4 0 |6 620_100000000000000_Đ406X |7 0 |8 500 |9 66116 |a qbu |b qbu |c D3 |d 2015-01-28 |o 620.1 Đ406X |p 2813.c8 |r 0000-00-00 |w 2015-01-28 |y STK0 | ||
| 952 | |0 0 |1 0 |2 ddc |4 0 |6 620_100000000000000_Đ406X |7 0 |8 500 |9 66117 |a qbu |b qbu |c D3 |d 2015-01-28 |o 620.1 Đ406X |p 2813.c9 |r 0000-00-00 |w 2015-01-28 |y STK0 | ||
| 952 | |0 0 |1 0 |2 ddc |4 0 |6 620_100000000000000_Đ406X |7 0 |8 500 |9 66118 |a qbu |b qbu |c D3 |d 2015-01-28 |o 620.1 Đ406X |p 2813.c10 |r 0000-00-00 |w 2015-01-28 |y STK0 | ||